O Traquinas (Registo nº 4418)

Detalhes MARC
000 -Etiqueta do registo
Cabeçalho 00691nam0a2200241 4500
005 - Identificador da versão
Campo de controlo 20240904164251.0
010 ## - Número internacional normalizado dos livros (ISBN)
Número (ISBN) 9789892201825
100 ## - Dados gerais de processamento
Dados gerais de processamento 20161118d2007 c y0pory5003 ba
101 1# - Língua de publicação
Língua do texto, banda sonora, etc. Português
Língua do documento no original Inglês
102 ## - Pais de publicação ou produção
País de publicação Portugal
200 1# - Titulo e menção de responsabilidade
Título próprio O Traquinas
Informação de outro título história com pó mágico
Primeira menção de responsabilidade il. Manhar Chauhan
Outras menções de responsabilidade trad. L. Gonçalves
210 ## - Publicação, Distribuição, etc. 
Lugar da edição, distribuição, etc. [S. l.]
Nome do editor, distribuidor, etc. Impala
Data da publicação, distribuição, etc. cop. 2007
215 ## - Descrição física 
Indicação específica da natureza do documento e extensão da espécie [11] p.
Outras indicações físicas il. color
225 1# - Colecção 
Título próprio da colecção As aventuras da fada Graça
300 ## - Notas gerais 
Texto da nota Exemplar cartonado
606 ## - Nome comum usado como assunto
Número de registo de entrada de autoridade 0001509
Palavra de ordem Literatura
Subdivisão de assunto Conto
Código do sistema CA
675 ## - Classificação Decimal Universal (CDU)
Notação 821-34
Edição 3ª ed.
Língua da edição por
702 #1 - Nome de autor-pessoa física (responsabilidade secundária)
Número de registo de entrada de autoridade 0001511
Palavra de ordem Chauhan
Outra parte do nome não tomada para palavra de ordem Manhar
Código de função Ilustrador / Técnico de desenho computorizado
Número de registo de entrada de autoridade 0001512
Palavra de ordem Gonçalves
Outra parte do nome não tomada para palavra de ordem L.
Código de função Tradutor
942 ## - Elementos de entrada adicionados (Koha)
Tipo de item no Koha Livro
966 ## - Identificação da Biblioteca
Sigla EBVEN
Exemplares
Situação do levantamento Origin of item (home branch) (coded) Biblioteca de empréstimo Código de barras Cota Circulation type (not for loan) Tipo de documento Nota do exemplar Damaged status
  Biblioteca Escolar das Vendas Biblioteca Escolar das Vendas BEV2115 8EST TRA   Livro Sem mensagem